群馬県の難読地名 30コ - Statistics

General Stats
  • This quiz has been taken 38 times
  • The average score is 7 of 30
Answer Stats
漢字 回答 % Correct
嬬恋 つまごい
94%
甘楽 かんら
70%
茂木 もてぎ
70%
邑楽 おうら
67%
神流 かんな
58%
八ッ場 やんば
58%
六合 くに
45%
多比良 たいら
33%
治良門橋 じろえんばし
30%
女屋 おなや
27%
尻高 しったか
24%
五ヶ ごか
24%
采女 うねめ
18%
檜物町 ひものちょう
18%
三ヶ さんか
18%
百々 どうどう
12%
国衙 こくが
12%
もろ
9%
間ノ島 あいのしま
9%
乙母 おとも
9%
狸塚 むじなづか
6%
本動堂 もとゆるぎどう
6%
橳尾 ぬでのお
6%
八斗島町 やったじままち
3%
乙父 おっち
3%
寄日 よっぴ
3%
魚尾 よのお
0%
御座入 みざのり
0%
文殊寺 もじょうじ
0%
大茂 だいもん
0%
No matching quizzes found
Score Distribution
Percent of People with Each Score
Percentile by Number Answered
Your Score History
You have not taken this quiz